| 000 -ლიდერი |
| ფიქსირებული სიგრძის საკონტროლო ველი |
02136nam a22002777a 4500 |
| 003 - საკონტროლო ნომრის იდენტიფიკატორი |
| საკონტროლო ველი |
Ge_BSU |
| 005 - ბოლო ოპერაციის თარიღი და დრო |
| საკონტროლო ველი |
20241009091653.0 |
| 008 - ფიქსირებული სიგრძის მონაცემთა ელემენტები - ზოგადი ინფორმაცია |
| ფიქსირებული სიგრძის საკონტროლო ველი |
241008s2024 ge ||||| |||| 00| 0 geo d |
| 020 ## - წიგნის საერთაშორისო სტანდარტული ნომერი |
| International Standard Book Number |
9789941869815 |
| 041 ## - ენის კოდი |
| Language code of text/sound track or separate title |
geo |
| 080 ## - უნივერსალური ათობითი კლასიფიკაციის ინდექსი |
| Universal Decimal Classification number |
792(479.22)(09) ჩ-95 |
| 100 ## - მთავარი ჩანაწერი - პიროვნების სახელი |
| Personal name |
ჩხარტიშვილი, ლაშა |
| 9 (RLIN) |
23361 |
| 245 ## - ცნობა სათაურის შესახებ |
| Title |
ერეკლე მეორის ეპოქის თეატრი = Theatre of the Epoch of Erekle II / |
| Statement of responsibility, etc |
ტექსტის ავტორი ლაშა ჩხარტიშვილი ; რედაქტორები: გიორგი კალანდია, მარიკა მამაცაშვილი ; თარგმანი სოფო კომახიძე ; მხატვარი მამუკა ცეცხლაძე ; კონცეფცია, ფოტო, დიზაინი ირინა აბჟანდაძე. |
| 264 ## - წარმოების, გამოცემის, დისტრიბუციის და სხვა ცნობები |
| გამოცემის, წარმოების, დისტრიბუციის... ადგილი |
თბილისი : |
| გამოცემის, წარმოების, დისტრიბუციის... სახელწოდება |
თანამედროვე ქართული თეატრის კვლევის ცენტრი, |
| გამოცემის, წარმოების, დისტრიბუციის... თარიღი |
2024. |
| 300 ## - ფიზიკური აღწერა |
| Extent |
220 გვ. : |
| Other physical details |
ფოტ., ილ. ; |
| Dimensions |
27 სმ. |
| 500 ## - ზოგადი შენიშვნა |
| General note |
პროექტი დაფინანსებულია საქართველოს კულტურისა და სპორტის სამინისტროს მიერ. |
| 501 ## - შენიშვნა თანმხლებ მასალაზე |
| With note |
ტექსტი ქართულ და ინგლისურ ენებზე |
| 504 ## - BIBLIOGRAPHY, ETC. NOTE |
| Bibliography, etc |
ბიბლიოგრაფია: გვ. 210-215. |
| 700 ## - ADDED ENTRY--PERSONAL NAME |
| Personal name |
კალანდია, გიორგი |
| Relator term |
რედაქტორი. |
| 9 (RLIN) |
19700 |
| 700 ## - ADDED ENTRY--PERSONAL NAME |
| Personal name |
მამაცაშვილი, მარიკა |
| Relator term |
რედაქტორი |
| 9 (RLIN) |
23362 |
| 700 ## - ADDED ENTRY--PERSONAL NAME |
| Personal name |
კომახიძე, სოფო |
| Relator term |
მთარგმნელი |
| 9 (RLIN) |
23363 |
| 700 ## - ADDED ENTRY--PERSONAL NAME |
| Personal name |
ცეცხლაძე, მამუკა, |
| Relator term |
მხატვარი. |
| 9 (RLIN) |
23364 |
| 700 ## - ADDED ENTRY--PERSONAL NAME |
| Personal name |
აბჟანდაძე, ირინა |
| Relator term |
ფოტო, დიზაინერი. |
| 9 (RLIN) |
23365 |
| 773 ## - HOST ITEM ENTRY |
| Title |
ნაჩუქარი |
| 942 ## - ADDED ENTRY ELEMENTS (KOHA) |
| Source of classification or shelving scheme |
|
| Koha item type |
წიგნი |